2009 BCIS international cost elements enquiry report (Record no. 111897)

MARC details
000 -LEADER
fixed length control field 01146cad a22001935a 4500
001 - CONTROL NUMBER
control field L152153
008 - FIXED-LENGTH DATA ELEMENTS--GENERAL INFORMATION
fixed length control field 110203e20091102xxk f 000 0 eng d
035 ## - SYSTEM CONTROL NUMBER
System control number (Sirsi) u152153
041 0# - LANGUAGE CODE
Language code of text/sound track or separate title eng
110 2# - MAIN ENTRY--CORPORATE NAME
Corporate name or jurisdiction name as entry element Building Cost Information Service
9 (RLIN) 1096
245 00 - TITLE STATEMENT
Title 2009 BCIS international cost elements enquiry report
Medium [electronic resource]
260 ## - PUBLICATION, DISTRIBUTION, ETC.
Place of publication, distribution, etc. London
Name of publisher, distributor, etc. RICS
Date of publication, distribution, etc. 2009
520 ## - SUMMARY, ETC.
Summary, etc. This document reports survey information relating to early cost advice to clients, published tender price indices, elemental cost classifications for buildings, most common procurement routes, area measures used in expressing cost/m2, construction cost indices, classification of standard building types, key information sources, civil engineering elemental classification, and insurance reinstatement costs sources; the survey base was composed mainly of RICS members (primarily quantity surveyors) from 40 countries.
590 ## - LOCAL NOTE (RLIN)
Local note KA
651 #4 - SUBJECT ADDED ENTRY--GEOGRAPHIC NAME
Geographic name International
690 ## - LOCAL SUBJECT ADDED ENTRY--TOPICAL TERM (OCLC, RLIN)
Topical term or geographic name as entry element BUILT ENVIRONMENT-BUILDING COSTS
856 40 - ELECTRONIC LOCATION AND ACCESS
Uniform Resource Identifier <a href="https://www.bcis.co.uk/downloads/2009-BCIS-IntCostEnquiryRpt.pdf">https://www.bcis.co.uk/downloads/2009-BCIS-IntCostEnquiryRpt.pdf</a>
Public note View the item free of charge at www.bcis.co.uk
942 ## - ADDED ENTRY ELEMENTS (KOHA)
Suppress in OPAC 0
Holdings
Withdrawn status Lost status Source of classification or shelving scheme Damaged status Not for loan Home library Current library Shelving location Date acquired Total Checkouts Full call number Barcode Date last seen Copy number Price effective from Koha item type
    Dewey Decimal Classification     Virtual Virtual Online 03/02/2011   ONLINE PUBLICATION 152153-2001 06/08/2019 1 06/08/2019 Book